| 000 | 02053nam a22003257a 4500 | ||
|---|---|---|---|
| 005 | 20110629095043.0 | ||
| 010 | _aENG-102687 B-448711-715 | ||
| 020 |
_c795.00 _a9780415677998 |
||
| 035 | _aEN-86220 B-448711-715 | ||
| 037 | _bDBAD / PUB | ||
| 037 | _bK.K.Pub/Ven | ||
| 082 | _a320.540954 | ||
| 245 |
_aCultural entrenchment of Hindutva: _cedited by Daniela Berti, Niclas Jaoul [and] Pralay Kanungo _blocal meditations and forms of convergence / |
||
| 260 |
_aNew Delhi _bRoutledge _c2011 |
||
| 270 |
_a912-915 Tolstoy House, 15-17 Tolstoy Marg _bNew Delhi _e110001 |
||
| 300 |
_axii, 344 p. : _c23cm (Hb) _bill. |
||
| 500 | _aIncludes bibliographical references and ndex | ||
| 700 |
_928520 _aBerti, Daniela |
||
| 700 |
_aJaoul, Nicolas _928965 |
||
| 700 |
_aKanungo, Pralay _928966 |
||
| 710 | _928535 | ||
| 942 |
_2ddc _cEN _mCUL _h320.540954 |
||
| 999 |
_c53348 _d53348 |
||